LIBRARY & INFORMATION CENTRE, KCAET, TAVANUR

ONLINE PUBLIC ACCESS CATALOGUE (OPAC)

Laboratory Manual of Milk Inspection / (Record no. 6754)

MARC details
000 -LEADER
fixed length control field 00351cam a2200133ua 4500
082 ## - DEWEY DECIMAL CLASSIFICATION NUMBER
Classification number 637.127
Item number AGG/LA
100 ## - MAIN ENTRY--AUTHOR NAME
Personal name Aggarwala, A C .
100 ## - MAIN ENTRY--AUTHOR NAME
Personal name Sharma, Radhey mohan .
245 ## - TITLE STATEMENT
Title Laboratory Manual of Milk Inspection /
250 ## - EDITION STATEMENT
Edition statement 1 /
260 ## - PUBLICATION, DISTRIBUTION, ETC. (IMPRINT)
Place of publication Mumbai :
Name of publisher Asia Publishing House ,
Year of publication 1961.
300 ## - PHYSICAL DESCRIPTION
Number of Pages 345 ; .
942 ## - ADDED ENTRY ELEMENTS (KOHA)
Koha item type Reference
Holdings
Withdrawn status Lost status Damaged status Collection code Home library Current library Shelving location Date acquired Full call number Accession Number Koha item type
      Reference KAUAET KAUAET Reference 07/04/2012 637.127.AGG/LA 3658 Reference
free website counter